书目信息 |
| 题名: |
<<理论力学>>学习指导
|
|
| 作者: | 童桦 主编 | |
| 分册: | ||
| 出版信息: | 武汉 武汉工业大学出版社 2000.07 |
|
| 页数: | 158页 | |
| 开本: | 26cm | |
| 丛书名: | ||
| 单 册: | ||
| 中图分类: | O31-42 | |
| 科图分类: | ||
| 主题词: | 理论力学 , 一般力学 | |
| 电子资源: | ||
| ISBN: | 7-5629-1570-9 | |
| 000 | 00556nam0 2200193 45 | |
| 001 | 0010252078 | |
| 005 | 20001025201546.0 | |
| 010 | @a7-5629-1570-9@dRMB 13.00 | |
| 100 | @a20001025d2000 km y0chiy0120 ea | |
| 101 | 0 | @achi |
| 200 | 1 |
@a<<理论力学>>学习指导@A< |
| 210 | @a武汉@c武汉工业大学出版社@d2000.07 | |
| 215 | @a158页@d26cm | |
| 606 | 0 | @a理论力学 |
| 606 | 0 | @a一般力学 |
| 690 | @aO31-42@v3 | |
| 701 | 0 | @a童桦@4主编 |
| 801 | @aCN@bPftUser@c20001025 | |
| 905 | @b189792-821@dO31-42@eT.606@f30 | |
| <<理论力学>>学习指导/童桦主编.-武汉:武汉工业大学出版社,2000.07 |
| 158页;26cm |
| ISBN 7-5629-1570-9:RMB 13.00 |
| ● |
| 相关链接 |
|
|
|
正题名:《理论力学》学习指导
索取号:O31-42/T.606
 
预约/预借
| 序号 | 登录号 | 条形码 | 馆藏地/架位号 | 状态 | 备注 |
| 1 | 189792 | 201897929 | 自科库401/401自科库 52排7列1层/ [索取号:O31-42/T.606] | 在馆 | |
| 2 | 189793 | 201897938 | 自科库401/401自科库 52排7列1层/ [索取号:O31-42/T.606] | 在馆 | |
| 3 | 189794 | 201897947 | 自科二线504/504自科库 49排2列2层/ [索取号:O31-42/T.606] | 在馆 | |
| 4 | 189795 | 201897956 | 自科库401/401自科库 52排7列1层/ [索取号:O31-42/T.606] | 在馆 | |
| 5 | 189796 | 201897965 | 自科库401/401自科库 52排7列1层/ [索取号:O31-42/T.606] | 在馆 | |
| 6 | 189797 | 201897974 | 自科库401/401自科库 52排7列1层/ [索取号:O31-42/T.606] | 在馆 | |
| 7 | 189798 | 201897983 | 自科二线504/504自科库 49排2列2层/ [索取号:O31-42/T.606] | 在馆 | |
| 8 | 189799 | 201897992 | 自科库401/401自科库 52排7列1层/ [索取号:O31-42/T.606] | 在馆 | |
| 9 | 189800 | 201898009 | 自科库401/401自科库 52排7列1层/ [索取号:O31-42/T.606] | 在馆 | |
| 10 | 189801 | 201898018 | 自科库401/401自科库 52排7列1层/ [索取号:O31-42/T.606] | 在馆 | |
| 11 | 189802 | 201898027 | 自科二线504/504自科库 49排2列2层/ [索取号:O31-42/T.606] | 在馆 | |
| 12 | 189803 | 201898036 | 自科库401/401自科库 52排7列1层/ [索取号:O31-42/T.606] | 在馆 | |
| 13 | 189804 | 201898045 | 自科库401/401自科库 52排7列1层/ [索取号:O31-42/T.606] | 在馆 | |
| 14 | 189805 | 201898054 | 自科库401/401自科库 52排7列1层/ [索取号:O31-42/T.606] | 在馆 | |
| 15 | 189806 | 201898063 | 自科库401/401自科库 52排7列1层/ [索取号:O31-42/T.606] | 在馆 | |
| 16 | 189807 | 201898072 | 自科库401/401自科库 52排7列1层/ [索取号:O31-42/T.606] | 在馆 | |
| 17 | 189808 | 201898081 | 自科二线504/504自科库 49排2列2层/ [索取号:O31-42/T.606] | 在馆 | |
| 18 | 189809 | 201898090 | 自科库401/401自科库 52排7列1层/ [索取号:O31-42/T.606] | 在馆 | |
| 19 | 189810 | 201898107 | 自科库401/401自科库 52排7列1层/ [索取号:O31-42/T.606] | 在馆 | |
| 20 | 189811 | 201898116 | 自科库401/401自科库 52排7列1层/ [索取号:O31-42/T.606] | 在馆 | |
| 21 | 189812 | 201898125 | 自科库401/401自科库 52排7列1层/ [索取号:O31-42/T.606] | 在馆 | |
| 22 | 189813 | 201898134 | 自科库401/401自科库 52排7列1层/ [索取号:O31-42/T.606] | 在馆 | |
| 23 | 189814 | 201898143 | 自科库401/401自科库 52排7列1层/ [索取号:O31-42/T.606] | 在馆 | |
| 24 | 189815 | 201898152 | 自科二线504/504自科库 49排2列2层/ [索取号:O31-42/T.606] | 在馆 | |
| 25 | 189816 | 201898161 | 自科库401/401自科库 52排7列1层/ [索取号:O31-42/T.606] | 在馆 | |
| 26 | 189817 | 201898170 | 自科库401/401自科库 52排7列1层/ [索取号:O31-42/T.606] | 在馆 | |
| 27 | 189818 | 201898189 | 自科库401/401自科库 52排7列1层/ [索取号:O31-42/T.606] | 在馆 | |
| 28 | 189819 | 201898198 | 自科库401/401自科库 52排7列1层/ [索取号:O31-42/T.606] | 在馆 | |
| 29 | 189820 | 201898205 | 自科库401/401自科库 52排7列1层/ [索取号:O31-42/T.606] | 在馆 | |
| 30 | 189821 | 201898214 | 自科库401/401自科库 52排7列1层/ [索取号:O31-42/T.606] | 在馆 | |
| 31 | 362595 | 203625951 | 自科二线504/504自科库 49排2列2层/ [索取号:O31-42/T.606] | 在馆 |